000 00560nam a2200193Ia 4500
005 20250326142108.0
008 250326s9999 xx 000 0 und d
020 _a0-02-907990-X
037 _aTextbook
040 _aFMSL
_beng
_cFMSL
041 _aeng
_2eng
084 _aX:51(F) M6
_qFMSL
100 _aDavidow William H
_9745572
245 0 _aMarketing high technology : An Insiders view
_cDavidow William H
260 _aNew Delhi
_bNew Delhi, Free Press
_c1986
300 _a213p
942 _cTB
_hX:51(F) M6
999 _c1293418
_d1293418